000 00244nam a2200097Ia 4500
001 680201
005 20250826161337.0
008 250824s9999 xx 000 0 und d
245 0 _aUÇAN SALI
_cMÜGE İPLİKÇİ
260 _bGÜNIŞIĞI KİTAPLIĞI
999 _c680201
_d680201